000 00563nam a22002057a 4500
008 150518b xxu||||| |||| 00| 0 eng d
020 _a9780078035005
020 _a0078035007
041 0 _aeng
080 _a39
100 1 _aKottak, Conrad Phillip.
245 1 0 _aCultural anthropology :
_cConrad Phillip Kottak.
250 _a15th ed.
260 _aNew York :
_bMcGraw-Hill,
_cc2013.
300 _a417 [37] f.:
_bme il.;
_c28 cm.
650 0 _aEtnologji
650 0 _aAntropologji
650 0 _aKulturë
942 _2udc
_cBK
999 _c795
_d795